Statistics for Största Städer i Sverige

Click here to take the quiz!

General Stats

  • This quiz has been taken 106 times
  • The average score is 25 of 41

Answer Stats

BefolkningStad% Correct
1,728,200Stockholm
100%
646,324Göteborg
100%
316,588Malmö
100%
88,395Umeå
95%
160,952Uppsala
94%
114,585Linköping
92%
120,650Örebro
90%
97,912Jönköping
89%
96,766Norrköping
88%
48,584Luleå
87%
122,953Västerås
86%
67,331Karlstad
83%
40,047Kalmar
82%
92,365Lund
82%
109,869Helsingborg
78%
76,761Gävle
78%
58,436Sundsvall
77%
68,059Växjö
71%
80,858Borås
70%
74,920Eskilstuna
67%
39,911Falun
66%
69,419Halmstad
65%
52,476Östersund
63%
73,383Södertälje
61%
44,623Borlänge
53%
40,926Kristianstad
52%
49,897Trollhättan
48%
37,165Karlskrona
46%
38,106Skövde
43%
35,775Skellefteå
42%
35,151Varberg
41%
36,028Uddevalla
36%
30,436Trelleborg
36%
32,957Nyköping
33%
43,925Lidingö
29%
32,976Örnsköldsvik
29%
33,049Landskrona
28%
42,227Tumba
27%
31,385Motala
19%
35,369Åkersberga
6%
32,615Vallentuna
6%

Score Distribution

Percentile by Number Answered

Percent of People with Each Score

Your Score History

You have not taken this quiz